Ngập lụt và nhà ở tại các đô thị châu Á - Kinh nghiệm cho TP.Hồ Chí Minh

Đã lưu trong:
Bibliografiske detaljer
Hovedforfatter: Nguyễn, Minh Hòa
Andre forfattere: Lê, Thị Hồng Diệp, Trương, Nguyễn Khải Huyền
Format: Bog
Udgivet: Tp.Hồ Chí Minh Tổng hợp Thành phố Hồ Chí Minh 2006
Fag:
Tags: Tilføj Tag
Ingen Tags, Vær først til at tagge denne postø!
Thư viện lưu trữ: Trung tâm Học liệu Lê Vũ Hùng, Trường Đại học Đồng Tháp
LEADER 01220pam a22002658a 4500
001 00039469
005 20180719100707.0
008 170519s2006 ||||||Viesd
041 0 # |a Vie 
082 1 4 |a 363.349 36  |b NG123L 
100 1 # |a Nguyễn, Minh Hòa 
245 1 0 |a Ngập lụt và nhà ở tại các đô thị châu Á - Kinh nghiệm cho TP.Hồ Chí Minh  |c Nguyễn Minh Hòa, Lê Thị Hồng Diệp, Trương Nguyễn Khải Huyền 
260 # # |a Tp.Hồ Chí Minh  |b Tổng hợp Thành phố Hồ Chí Minh  |c 2006 
300 # # |a 276 tr.  |b 24cm 
500 # # |a ĐTTS ghi: Trường Đại học khoa học xã hội và nhân văn TP. Hồ Chí Minh. Trung tâm nghiên cứu phát triển đô thị và cộng đồng 
653 # # |a Ngập lụt 
653 # # |a Thành phố Hồ Chí Minh 
653 # # |a Quy hoạch đô thị 
653 # # |a Phòng ngừa 
700 1 # |a Lê, Thị Hồng Diệp 
700 1 # |a Trương, Nguyễn Khải Huyền 
700 1 # |a Nguyễn, Minh Hòa 
852 # # |j KD.0023901 
910 |d 19/05/2017 
980 # # |a Trung tâm Học liệu Lê Vũ Hùng, Trường Đại học Đồng Tháp